Matemática III
Uloženo v:
| Korporativní autor: | |
|---|---|
| Médium: | Kniha |
| Jazyk: | španělština |
| Vydáno: |
Buenos Aires
Aeme
1963
|
| Témata: | |
| Tagy: |
Přidat tag
Žádné tagy, Buďte první, kdo vytvoří štítek k tomuto záznamu!
|
MARC
| LEADER | 00000nam a2200000 a 4500 | ||
|---|---|---|---|
| 001 | UCP3759 | ||
| 003 | CL-VaPUC | ||
| 008 | 990702e19630000AG |||||||||||||||||spa|d | ||
| 082 | 0 | 4 | |a 510 |b BEC |2 21 |
| 110 | 2 | |a BECO |e author |9 431144 | |
| 245 | 1 | 0 | |a Matemática III |
| 300 | |a 169 p | ||
| 942 | |c BK | ||
| 945 | |d 19990702 00:00:00 |a crobeson | ||
| 260 | |a Buenos Aires |b Aeme |c 1963 | ||
| 650 | 0 | |a Matemática |9 260235 | |
| 650 | 0 | |a Matemáticas |x Enseñanza |9 875527 | |
| 650 | 0 | |a Teoría de conjuntos |9 265668 | |
| 650 | 0 | |a Cálculo |9 260234 | |
| 650 | 0 | |a Cálculo integral |9 260103 | |
| 650 | 0 | |a Espacios topológicos |9 360015 | |
| 650 | 0 | |a Geometría |9 264063 | |
| 583 | |a last modification |c 19990702 00:00:00 |k Rodrigo Vera | ||
| 999 | |c 281956 |d 281954 | ||
| 952 | |0 0 |1 0 |4 0 |6 510_000000000000000_BEC_1963 |7 0 |8 A |9 323128 |a BIBMAT |b BIBMAT |d 2019-11-20 |i 1351877 |o 510 BEC 1963 |p 1351877 |r 2025-01-07 |w 2019-11-20 |y BK |k MAT | ||